[Event "Joao Pessoa Fischer Memorial 10th"]
[Site "Joao Pessoa"]
[Date "2019.03.30"]
[Round "4"]
[White "Gomes Neto, Nelson Justino"]
[Black "Barbosa, Jose Cesar De O Fer"]
[Result "1-0"]
[WhiteElo "1953"]
[BlackElo "1770"]
[PlyCount "103"]
[EventDate "2019.03.29"]
[EventType "swiss"]
[EventRounds "6"]
[EventCountry "BRA"]
[SourceTitle "CBM 190 Extra"]
[Source "ChessBase"]
[SourceDate "2019.07.15"]
[SourceVersion "1"]
[SourceVersionDate "2019.07.15"]
[SourceQuality "1"]

1. e4 d6 2. d4 Nf6 3. Nc3 g6 4. f4 Bg7 5. Nf3 Bg4 6. Be2 Nbd7 7. Be3 0-0 8. 0-0 c6 9. h3 Bxf3 10. Bxf3 e5 11. d5 cxd5 12. Nxd5 Nxd5 13. exd5 Bh6 14. Qd2 Qh4 15. fxe5 Bxe3+ 16. Qxe3 Nxe5 17. Rad1 Rfe8 18. Qa3 Nc4 19. Qb4 a5 20. Qxb7 Ne3 21. Qc6 Qg3 22. Rde1 Rec8 23. Qa4 Nxf1 24. Rxf1 Rab8 25. Bg4 f5 26. Bd1 Rb4 27. Qxa5 Rh4 28. Rf3 Qe5 29. Qa6 Re8 30. c3 Re4 31. Qd3 Re1+ 32. Rf1 Qe3+ 33. Qxe3 R8xe3 34. Kf2 Rxf1+ 35. Kxf1 Kf7 36. Kf2 Rd3 37. Ke2 Rxd5 38. Bb3 Ke6 39. a4 Ke5 40. Bxd5 Kxd5 41. a5 Kc5 42. b4+ Kb5 43. c4+ Ka6 44. Kf3 g5 45. h4 h6 46. g3 Kb7 47. b5 Kc7 48. Ke3 Kb7 49. Kd4 Kc7 50. Kd5 f4 51. gxf4 gxf4 52. Ke4 1-0